Max Webers Wissenschaftslehre : Interpretation und Kritik

Αποθηκεύτηκε σε:
Λεπτομέρειες βιβλιογραφικής εγγραφής
Άλλοι συγγραφείς: Wagner, Gerhard (Επιμελητής έκδοσης), Zipprian, Heinz (Επιμελητής έκδοσης)
Μορφή: Βιβλίο
Γλώσσα:German
Δημοσίευση: Frankfurt am Main : Suhrkamp, 1994
Έκδοση:1. Aufl
Σειρά:Suhrkamp Taschenbuch Wissenschaft
Θέματα:
Ετικέτες: Προσθήκη ετικέτας
Δεν υπάρχουν, Καταχωρήστε ετικέτα πρώτοι!

MARC

LEADER 00000cam a2200000 i 4500
001 1/77587
008 980820s1994 ger d
020 |a 3-518-28718-4 
035 |l 10032700 
035 |a 1995  |b 1  |c Φιοραβάντες 
040 |a GR-MY-UA  |b gre  |e aacr 
041 0 |a ger 
082 0 |a 301.0943 
245 1 0 |a Max Webers Wissenschaftslehre :  |b Interpretation und Kritik /  |c herausgegeben von Gerhard Wagner und Heinz Zipprian 
250 |a 1. Aufl 
260 |a Frankfurt am Main :   |b Suhrkamp,   |c 1994 
300 |a 786 p.;  |c 18 cm 
490 1 |a Suhrkamp Taschenbuch Wissenschaft  |v ; 1118 
504 |a Περιέχει βιβλιογραφικές παραπομπές 
600 1 0 |a Weber, Max,   |d 1864-1920. 
650 0 0 |a Sociology  |z Germany. 
650 0 0 |a Knowledge, Sociology of. 
700 1 |a Wagner, Gerhard.  |4 edt 
700 1 |a Zipprian, Heinz.  |4 edt 
830 0 |a Suhrkamp Taschenbuch Wissenschaft 
852 |a INST  |b RHODES  |e 19980820  |h 301.0943 MAX  |p 005400005310  |q 005400005310  |t BK  |y 0 
909 |a Ρ  |b 040869  |c 1995